大学教育における学問の一覧 - Statistics

General Stats
  • This quiz has been taken 645 times
  • The average score is 17 of 30
Answer Stats
Hint Answer % Correct
社会科学 経済学
90%
人文科学 文学
90%
自然科学 化学
89%
自然科学 物理学
87%
応用科学 医学
86%
応用科学 工学
82%
形式科学 数学
81%
自然科学 生物学
81%
社会科学 法学
80%
社会科学 社会学
73%
社会科学 経営学
70%
人文科学 歴史学
69%
人文科学 地理学
63%
人文科学 心理学
63%
応用科学 薬学
61%
社会科学 政治学
61%
人文科学 哲学
58%
社会科学 教育学
57%
応用科学 農学
52%
人文科学 言語学
50%
応用科学 歯学
45%
自然科学 天文学
38%
応用科学 建築学
32%
人文科学 芸術
31%
人文科学 宗教学
27%
形式科学 統計学
19%
人文科学 人類学
15%
自然科学 地球惑星科学
7%
応用科学 計算機科学
5%
応用科学 デザイン学
2%
No matching quizzes found
Score Distribution
Percent of People with Each Score
Percentile by Number Answered
Your Score History
You have not taken this quiz